Welcome to the Holygrace Academy Library

Please use search bar below to get started

MY MAGICAL PONY (Record no. 8770)

MARC details
000 -LEADER
fixed length control field 00307nam a22001337a 4500
082 ## - DEWEY DECIMAL CLASSIFICATION NUMBER
Classification number 823
Item number OLD/M
100 ## - MAIN ENTRY--AUTHOR NAME
Personal name OLDFIELD, JENNY
245 ## - TITLE STATEMENT
Title MY MAGICAL PONY
246 ## - VARYING FORM OF TITLE
Title proper/short title MY MAGICAL PONY
Remainder of title MY MAGICAL PONY
260 ## - PUBLICATION, DISTRIBUTION, ETC. (IMPRINT)
Place of publication U K
Name of publisher HODDER CHILDREN
Year of publication 2007
300 ## - PHYSICAL DESCRIPTION
Number of Pages 142
650 ## - SUBJECT ADDED ENTRY--TOPICAL TERM
Topical Term ENGLISH FICTION
942 ## - ADDED ENTRY ELEMENTS (KOHA)
Koha item type Books
Holdings
Withdrawn status Lost status Collection code Home library Current library Shelving location Date acquired Source of acquisition Full call number Accession Number Koha item type
    Fiction Main Library Main Library SHELF 4-B ANIMAL ARK 17/07/2019 PURCHASED 823 OLD/M 11263 Books